| 000 | 00444nam a22001457a 4500 | ||
|---|---|---|---|
| 020 | _a9788177583724 | ||
| 040 | _cNUST | ||
| 082 | _a005.117 BOO | ||
| 100 |
_aBooch, Grady _980844 |
||
| 110 |
_aRumbaugh, James. Jacobson, Ivar _9112564 |
||
| 245 | _aThe Unified Modeling Language User Guide | ||
| 260 |
_aNew Dehli: _bPearson Education, _c2012. |
||
| 650 |
_aTEXTBOOKS-DCE.THE UNIFIED MODELING LANGUAGE USER GUIDE _9112781 |
||
| 942 |
_2ddc _cTEXT |
||
| 999 |
_c594846 _d594846 |
||